| 000 | 00712nam a22001935i 4500 | ||
|---|---|---|---|
| 001 | 167988 | ||
| 003 | ES-MaACL | ||
| 005 | 20230906213640.0 | ||
| 008 | 051003s1872 gw | |||||||| ||eng d | ||
| 040 |
_aCAM _bspa _cCAM |
||
| 100 | 1 |
_aWood, Henry _cMistress ( _d1814-1887) _9154460 |
|
| 245 | 1 | 4 |
_aThe Foggy Night at Offord _b; Martyn Ware's temptation ; The Night-Wal over the Mill Stream / _cby Henry Wood. |
| 260 |
_aLeipzig : _bBernhard Tauchnitz, _c1872. |
||
| 300 |
_a312 p. ; _c16 cm. |
||
| 490 | 1 |
_aCollection of british authors ; _v1217 |
|
| 830 | 0 |
_aCollection of british authors ; _v1217 _9180703 |
|
| 852 |
_aES-MaACL _jG-12880 _z-- Enc. hol., conservando la cub. original |
||
| 999 |
_c167988 _d167988 |
||